00536nam a2200181Ia 4500003000900000008004100009020001800050040001600068080001600084100001600100245009800116260003000214300001000244650002500254650002600279650002800305650002100333IN-BaIIA211028s9999 xx 000 0 eng d a0-85274-283-5 cIIA Library a535.33bVAR aVarsanyi, G 0aAssignments for vibrational spectra of seven hundred benzene derivativesbvol. 1cG. Varsanyi aLondonbAdam Hilgerc1974 a462p. a Benzene Deriatives a Molecular Spectra  a Vibrational Spectra  aNASA Thesaurus